Histoire de la langue anglaise / (Record no. 81242)

MARC details
000 -LEADER
campo de control de longitud fija 00678nam a2200181 i 4500
001 - NÚMERO DE CONTROL
campo de control 81242
003 - IDENTIFICADOR DE NÚMERO DE CONTROL
campo de control ES-MaACL
005 - FECHA Y HORA DE LA ÚLTIMA TRANSACCIÓN
campo de control 20230906174411.0
007 - CAMPO FIJO DE DESCRIPCIÓN FÍSICA--INFORMACIÓN GENERAL
campo de control de longitud fija t|
008 - DATOS DE LONGITUD FIJA--INFORMACIÓN GENERAL
campo de control de longitud fija 041103s1923 fr ||||1| fre d
100 1# - ENTRADA PRINCIPAL--NOMBRE DE PERSONA
Nombre de persona Huchon, Rene.
9 (RLIN) 64514
245 10 - MENCIÓN DEL TÍTULO
Título Histoire de la langue anglaise /
Mención de responsabilidad, etc. René Huchon.
260 ## - PUBLICACIÓN, DISTRIBUCIÓN, ETC.
Lugar de publicación, distribución, etc. Paris :
Nombre del editor, distribuidor, etc. Armand Colin,
Fecha de publicación, distribución, etc. 1923 (
Lugar de fabricación/manufactura Maçon :
Fabricante Protat Frères)
300 ## - DESCRIPCIÓN FÍSICA
Extensión 2 v. ;
Dimensiones 23 cm.
505 8# - NOTA DE CONTENIDO CON FORMATO
Nota de contenido con formato Contiene: T. I. Des origines à la conquête normande (450-1066). 1923. XII-331 p. -- T. 2. De la conquête normande à l'introduction de l'imprimerie (1066-1475) VII-392 p
650 04 - PUNTO DE ACCESO ADICIONAL DE MATERIA--TÉRMINO DE MATERIA
Término de materia o nombre geográfico como elemento de entrada Lengua inglesa-
Subdivisión general Historia.
9 (RLIN) 14278
852 ## - LOCALIZACIÓN
Ubicación ES-MaACL
Número de control de estantería A-2362-63
Holdings
Estatus retirado Estado de pérdida Estado de daño No para préstamo Biblioteca de origen Biblioteca actual Ubicación en estantería Fecha de adquisición Fuente de adquisición Total de préstamos Signatura topográfica completa Código de barras Visto por última vez Precio de reemplazo Tipo de ítem Koha
        Biblioteca del Ateneo de Madrid Biblioteca del Ateneo de Madrid Sala Pecera Planta 1 17/01/2008     A-2362-63 1084930 23/02/2023 23/02/2023 Libro impreso